|
003 -Nazwa inst., której nr kontr. jest w polu 001 [,]
|
-
- @
- Nazwa instytucji, której n kontrolny jest w polu 001
- NUKAT
|
|
005 -DATA I CZAS OSTATNIEJ MODYFIKACJI [,]
|
-
- @
- pole kontrolne
- 20241231091556.0
|
|
020 -Międzynarod. znormalizowany nr książki - ISBN [ , ]
|
-
- a
- Numer ISBN
- 8389501422
|
|
040 -Instytucja sporządzająca opis [ , ]
|
-
- a
- Instytucja, która sporządziła opis (NP)
- OLSZT 003/HP
-
- c
- Instytucja, która sporządziła rekord (NP)
- OLSZT 003/HP
-
- d
- Instytucja, która zmodyfikowała rekord (P)
- OLSZT 003/HP
-
- d
- Instytucja, która zmodyfikowała rekord (P)
- WR O/AKs
-
- d
- Instytucja, która zmodyfikowała rekord (P)
- WA N/PBbj
-
- d
- Instytucja, która zmodyfikowała rekord (P)
- WA N/PBjos
-
- d
- Instytucja, która zmodyfikowała rekord (P)
- WA N/PBmas
-
- d
- Instytucja, która zmodyfikowała rekord (P)
- WA N/PBjkws
-
- d
- Instytucja, która zmodyfikowała rekord (P)
- KR 93/MSs
|
|
041 -Język dokumentu [1, ]
|
-
- a
- Język tekstu (P)
- polski
-
- a
- Język tekstu (P)
- angielski
-
- h
- Język tekstu oryginalnego i/lub pośredniego (P)
- polski
|
|
942 -Rodzaj dokumentu [ , ]
|
-
- c
- Rodzaj dokumentu
- Książka
|
|
300 -Strefa opisu fizycznego [ , ]
|
-
- a
- Określenie formy książki i/lub objętość (NP)
- 158, [3] s., [15] s. tabl. :
-
- b
- Oznaczenie ilustracji (NP)
- il. (gł. kolor.) ;
-
|
|
336 -Typ zawartości [ , ]
|
-
- a
- Termin opisujący typ zawartości
- Tekst
-
- b
- Kod określający zawartość
- txt
-
- 2
- Źródło (terminu i kodu)
- rdacontent
|
|
337 -Typ mediów [ , ]
|
-
- a
- Tryb odtwarzania
- Bez urządzenia pośredniczącego
-
-
- 2
- Źródło (terminu i kodu)
- rdamedia
|
|
338 -Typ/rodzaj nośnika [ , ]
|
-
- a
- Hasło opisujące typ nośnika
- Wolumin
-
-
- 2
- Źródło (terminu i kodu)
- rdacarrier
|
|
380 -Deskryptor - Forma dzieła (P) [ , ]
|
-
- a
- forma dzieła (NP)
- Literatura faktu, eseje, publicystyka
|
|
386 -Deskryptor - przynależność kulturowa (P) [ , ]
|
-
- m
- Wyrażenie wprowadzające (NP)
- Przynależność kulturowa
-
- a
- Przynależność kulturowa (NP)
- Literatura polska
|
|
388 -Deskryptor - czas powstania dzieła (P) [1, ]
|
-
- a
- Czas powstania dzieła (NP)
- 1901-2000
|
|
388 -Deskryptor - czas powstania dzieła (P) [1, ]
|
-
- a
- Czas powstania dzieła (NP)
- 2001-
|
|
080 -Uniwersalna Klasyfikacja Dziesiętna [ , ]
|
-
- 2
- Identyfikator wydania tablic
- UDC-P022
-
- a
- Symbol klasyfikacji
- 316.2
-
- b
- Dopowiedzenie
- Poglądy, kierunki i szkoły socjologiczne.
-
-
- b
- Dopowiedzenie
- (Polska).
-
- x
- Poddział wspólny
- "19/20"
|
|
080 -Uniwersalna Klasyfikacja Dziesiętna [ , ]
|
-
- 2
- Identyfikator wydania tablic
- UDC-P022
-
- a
- Symbol klasyfikacji
- 378.12
-
- b
- Dopowiedzenie
- Nauczyciele akademiccy i pracownicy naukowi. Profesorowie. Wykładowcy. Asystenci.
-
-
- b
- Dopowiedzenie
- (Polska).
-
- x
- Poddział wspólny
- "19/20"
|
|
080 -Uniwersalna Klasyfikacja Dziesiętna [ , ]
|
-
- 2
- Identyfikator wydania tablic
- UDC-P022
-
- a
- Symbol klasyfikacji
- 929-051
-
- b
- Dopowiedzenie
- Pamiętniki, autobiografie indywidualne.
-
-
- b
- Dopowiedzenie
- (Polska).
-
- x
- Poddział wspólny
- "19/20"
|
|
600 -Hasło przedmiotowe w formie nazwy osobowej [1,7]
|
-
- a
- Nazwa osobowa
- Przecławski, Krzysztof
-
- d
- Daty związane z nazwą
- (1927-2014)
-
- v
- Określnik formalny
- pamiętniki.
-
-
|
|
650 -Hasło przedmiotowe [ ,7]
|
-
- a
- Hasło przedmiotowe
- Socjolodzy
-
-
|
|
651 -Hasło przedmiotowe w formie nazwy geograficznej [ ,7]
|
-
- a
- Nazwa geograficzna
- Polska
-
-
|
|
655 -Hasło w funkcji tematu formalnego [ ,7]
|
-
- a
- Hasło
- Pamiętniki polskie
-
- y
- Określnik chronologiczny
- 1990-.
-
-
|
|
655 -Hasło w funkcji tematu formalnego [ ,7]
|
-
- a
- Hasło
- Pamiętniki i wspomnienia
-
-
|
|
658 -Ujęcie treści [ , ]
|
-
- a
- dziedzina nauki i sztuki/ sfera aktywności życiowej
- Socjologia i społeczeństwo
|
|
980 -Symbol UKD [ , ]
|
-
- a
- UKD
- 316.2:378.12:929-051Przecławski Krzysztof](438)"19/20"
|